00888nam a2200229 a 450000100100000000500170001000800410002702000150006804000250008308200150010810000360012324500860015926000330024530000350027849000190031350000710033250000700040370000280047383000260050195201140052799900170064100004226720201002040036.0131121s1983 sp ac 000 0 spa d a843204301X aDO-SdBNPbspacBNPHU axxxbL773a1 aLíster, Enriqued1907-96930210aAsí destruyó Carrillo el PCE /cEnrique Líster ; edición Ester Berenguer. aBarcelona :bPlaneta,c1983. a277 p. :bil., retrs ;c20 cm.1 aDocumentov117 aIncluye datos biográficos del autor en la solapa de la cubierta. aIncluye referencias bibliográficas y notas al pie de páginas.12aBerenguer, Ester969303 0aDocumenton117969304 0010507-18MOaGRbGRcOId2013-11-21iLF1l0oxxx L773ap42267-10r2020-06-25w2020-06-25y1ZNo se presta c41756d41756